Mirhorod /

Hlavní autor: Gogol‘, Nikolaj Vasil‘jevič, 1809-1852
Další autoři: Mašinskij, Semen Iosifovič, 1914-1978, Jesenská, Zora, 1909-1972
Jazyk: Slovenština
Vydáno: Bratislava : Slovenské vydavateľstvo krásnej literatúry, 1953
Vydání: 3. vyd.
Edice: Edícia svetových klasikov (SVKL)
Fyzický popis: 280 s. ; 8°
Knihy
Uloženo v:
LEADER 01079nam a22002892a 4500
001 001463010
003 CZ BrMZK
005 20150427103606.0
007 ta
008 150323s1953 xo er|||||||||||slo d
040 |a ABA001  |b cze  |c ABA001  |d ABA001  |d BOA001 
041 1 |a slo  |h rus 
100 1 |a Gogol‘, Nikolaj Vasil‘jevič,  |d 1809-1852  |7 jn19990210244  |4 aut 
245 1 0 |a Mirhorod /  |c Nikolaj Vasil'jevič Gogol' ; poznámky napísali S. Mašinskij a Zora Jesenská 
250 |a 3. vyd. 
260 |a Bratislava :  |b Slovenské vydavateľstvo krásnej literatúry,  |c 1953 
300 |a 280 s. ;  |c 8° 
490 1 |a Edícia svetových klasikov ;  |v sv. 5 
500 |a Přeloženo z ruštiny 
765 0 |t Mirgorod  |9 Slovensky 
700 1 |a Mašinskij, Semen Iosifovič,  |d 1914-1978  |7 jx20110510013  |4 wfw 
700 1 |a Jesenská, Zora,  |d 1909-1972  |7 jn19990209310  |4 wfw 
830 0 |a Edícia svetových klasikov (SVKL)  |0 s 
910 |a BOA001  |b 2-0309.443 
990 |a BK 
991 |b 201503 
996 7 |b 2618823956  |c 2-0309.443  |l MZK  |r Sklad / do 24 hodin  |n 0  |w 001497956  |u 000010  |a 1  |e BOA001  |j MZK50  |s A